| 000 | 00000nam##2200000za#4500 |
| 001 | 9.567695 |
| 003 | CaOODSP |
| 005 | 20210624180912 |
| 007 | cr ||||||||||| |
| 008 | 150406|1999||||xxc|||||o f|0| 0 eng|d |
| 040 | |aCaOODSP|beng |
| 043 | |an-cn--- |
| 086 | 1 |aBT31-2/2000-III-101E-PDF |
| 110 | 1 |aCanada. |bTreasury Board. |
| 245 | 14|aThe National Round Table on the Environment and the Economy, 1999-2000 estimates, part III, a report on plans and priorities, approved |h[electronic resource] |
| 260 | |bTreasury Board of Canada Secretariat |c[1999]. |
| 300 | |a19p.|btables |
| 490 | 1 |a1999-2000 estimates. Part III, Report on plans and priorities |v1999-2000 |
| 590 | |a10-08-Supp|b2010-10-06 |
| 775 | 08|tTable ronde nationale sur l'environnement et l'économie, 1999-2000, budget des dépenses, partie III, rapport sur les plans et les priorités, approuvé |w(CaOODSP)9.599025 |
| 776 | 0#|tNational Round Table on the Environment and the Economy |w(CaOODSP)9.531732 |
| 776 | 0#|tTable ronde nationale sur l'environnement et l'économie |w(CaOODSP)9.531733 |
| 830 | #0|a1999-2000 estimates. Part III, Report on plans and priorities ;|v1999-2000|w(CaOODSP)9.505715 |
| 856 | 40|ahttp://publications.gc.ca|qPDF|s97 KB|uhttps://publications.gc.ca/collections/Collection/BT31-2-2000-III-101E.pdf|y1999-2000 |